Histoire del signor D. Fernando Colombo (Record no. 5280)

MARC details
000 -LEADER
campo de control de longitud fija 00991npm a2200241 i 4500
001 - NÚMERO DE CONTROL
campo de control 5280
003 - IDENTIFICADOR DE NÚMERO DE CONTROL
campo de control ES-MaACL
005 - FECHA Y HORA DE LA ÚLTIMA TRANSACCIÓN
campo de control 20250731063014.0
007 - CAMPO FIJO DE DESCRIPCIÓN FÍSICA--INFORMACIÓN GENERAL
campo de control de longitud fija hzrazu bucu
008 - DATOS DE LONGITUD FIJA--INFORMACIÓN GENERAL
campo de control de longitud fija 900427r19901678it a 00010 ita d
080 ## - NÚMERO DE LA CLASIFICACIÓN DECIMAL UNIVERSAL
Número de la Clasificación Decimal Universal 92 Colon
080 ## - NÚMERO DE LA CLASIFICACIÓN DECIMAL UNIVERSAL
Número de la Clasificación Decimal Universal 91.045
100 1# - ENTRADA PRINCIPAL--NOMBRE DE PERSONA
Nombre de persona Colón, Fernando,
Fechas asociadas al nombre 1488-1539
9 (RLIN) 39874
245 10 - MENCIÓN DEL TÍTULO
Título Histoire del signor D. Fernando Colombo
Resto del título : [Microforma] : nelle quali s'ha particolare et vera relatione della vita, e de fatti dell'Ammiraglio D. Christoforo Colombo sou padre /
Mención de responsabilidad, etc. nuouamente di lengua spagnuola tradotte nell'italiana dal sign. Alfonso Ulloa.
260 ## - PUBLICACIÓN, DISTRIBUCIÓN, ETC.
Lugar de publicación, distribución, etc. Madrid :
Nombre del editor, distribuidor, etc. Ateneo Cientifico, Literario y Artistico,
Fecha de publicación, distribución, etc. 1990.
300 ## - DESCRIPCIÓN FÍSICA
Extensión 1 carrete de microfilme :
Otras características físicas negativo ;
Dimensiones 16 mm.
500 ## - NOTA GENERAL
Nota general Publicado originalmente: Venetia, Iseppo Prodocimo, 1678.
650 14 - PUNTO DE ACCESO ADICIONAL DE MATERIA--TÉRMINO DE MATERIA
Término de materia o nombre geográfico como elemento de entrada Obras anteriores a 1800.
9 (RLIN) 15661
700 1# - ENTRADA AGREGADA--NOMBRE PERSONAL
Nombre de persona Ulloa, Alfonso.
9 (RLIN) 111941
852 ## - LOCALIZACIÓN
Ubicación ES-MaACL
Número de control de estantería MC-389
itemnumber 5397
942 ## - ELEMENTOS DE ENTRADA SECUNDARIOS (KOHA)
Fuente del sistema de clasificación o colocación Clasificación decimal universal
Tipo de ítem Koha Microforma
Holdings
Estatus retirado Estado de pérdida Fuente del sistema de clasificación o colocación Estado de daño No para préstamo Colección Biblioteca de origen Biblioteca actual Ubicación en estantería Fecha de adquisición Total de préstamos Signatura topográfica completa Código de barras Visto por última vez Precio de reemplazo Tipo de ítem Koha
    Clasificación decimal universal     Libros del s. XVII Biblioteca del Ateneo de Madrid Biblioteca del Ateneo de Madrid Depósito 1 17/01/2008   MC-389 1005343 23/02/2023 23/02/2023 Microforma